Most Streamed Artists - Sudden Death - Statistics

General Stats
  • This quiz has been taken 3,852 times
    190 since last reset
  • The average score is 2 of 20
Answers on the Grid
Answers color-coded by a green-red scale on the quiz's grid according to % correct below.
Adele
Anuel AA
Beyoncé
Bruno Mars
Cardi B
Chris Brown
Daddy Yankee
David Guetta
Doja Cat
Frank Ocean
Gunna
Halsey
Harry Styles
J Balvin
J. Cole
JAY-Z
KAROL G
Katy Perry
Kendrick Lamar
Lady Gaga
Lil Uzi Vert
Lil Wayne
Mariah Carey
Miley Cyrus
Nicki Minaj
OneRepublic
Ozuna
Post Malone
Selena Gomez
Shakira
Shawn Mendes
Snoop Dogg
SZA
Travis Scott
Tyler, The Creator
Young Thug
 
Answer Stats
Answer % Correct
Beyoncé
55%
Bruno Mars
54%
Lady Gaga
24%
Travis Scott
14%
David Guetta
13%
Anuel AA
10%
Chris Brown
10%
Post Malone
10%
Daddy Yankee
9%
Kendrick Lamar
9%
Nicki Minaj
9%
SZA
9%
KAROL G
5%
Lil Uzi Vert
5%
Lil Wayne
4%
J Balvin
2%
Shawn Mendes
2%
J. Cole
1%
Young Thug
1%
Ozuna
0%
No matching quizzes found
Score Distribution
Percent of People with Each Score
Percentile by Number Answered
Your Score History
You have not taken this quiz since the last reset